00630nam a22001697a 450000500170000001000150001702000260003203500140005803700130007208200160008510000330010124501860013426000500032027000350037030000250040570000300043020220420103957.0 aENG-132333 a9788187892533c500.00 aEN-115865 bDBAD/PUB a327.5482059 aSachithanantham, Singaravelu aTamil Cultural Relations With Southeast Asia:bWith Special Reference to Tamil Bhakti Literature and the Ramayana Versions/cSingaravelu Sachithanantham and Edited by G. John Samuel aChennaibThe Institute Of Asian Studiesc2012 aChemmancherrybChennaie600119 axi, 349p.c25cm(pbk) aEdited by Samuel, G. John